| 000 -LEADER |
| fixed length control field |
00341nam a2200145Ia 4500 |
| 008 - FIXED-LENGTH DATA ELEMENTS--GENERAL INFORMATION |
| fixed length control field |
200615s9999||||xx |||||||||||||| ||und|| |
| 020 ## - INTERNATIONAL STANDARD BOOK NUMBER |
| International Standard Book Number |
9788121916714 |
| 082 ## - DEWEY DECIMAL CLASSIFICATION NUMBER |
| Classification number |
581 |
| Item number |
PLA-P |
| 100 ## - MAIN ENTRY--PERSONAL NAME |
| Personal name |
PANDEY,BP |
| 245 #0 - TITLE STATEMENT |
| Title |
PLANT PATHOLOGY |
| 250 ## - EDITION STATEMENT |
| Edition statement |
PAPERBACK; 2001-01-01 |
| 260 ## - PUBLICATION, DISTRIBUTION, ETC. |
| Place of publication, distribution, etc. |
NEW DELHI |
| Name of publisher, distributor, etc. |
S.CHAND |
| Date of publication, distribution, etc. |
2017 |
| 300 ## - PHYSICAL DESCRIPTION |
| Extent |
437 |
| 942 ## - ADDED ENTRY ELEMENTS (KOHA) |
| Koha item type |
Book |